000 00565nam a2200241Ia 4500
003 OSt
005 20220924142901.0
006 a|||||r|||| 00| 0
007 ta
008 ASM
020 _c35
024 _a303682
037 _cTextual
040 _aARTS
_cARTS
_bASM
041 _2ASM
_aASM
082 _aO158xN03:g, N3
100 _aAgarwala J.P.
_9214236
245 0 _aJyotir sannidhyat
260 _c1993
650 _aASSAMESE LITERATURE
_911738
942 _hO158xN03:g, N3
_cTEXL
_2CC
999 _c452321
_d452321